01059nam a2200217 a 450000100100000000500170001000800410002702000180006804000250008608200130011110000380012424501280016226000350029030000210032550000690034659000640041595201170047995201110059695201170070799900170082400004228120201002040042.0131122s2012 dr 000 0 spa d a9789945006513 aDO-SdBNPbspacBNPHU axxxbxxx1 aRincón Vásquez, Felipe96932110aGramática aplicada a la teología. :buna valiosa herramienta para el estudio de la biblia /cFelipe Rincón Vásquez. aSanto Domingo, :bLake,c2012. a131 p. ;c21 cm. aIncluye datos biografícos del autor en la solapa de la portada aLa biblioteca posee 3 ejemplares autografiados por el autor 0010718DSaGRbGRcCTd2013-11-22iLF1l0oxxx xxxp42281-30r2020-06-25te. 3w2020-06-25yLFDSZNo se presta 0010718PDaPDbPDcCTd2013-11-22iLF1l0oxxx xxxp42281-10r2020-06-25w2020-06-25yLFPDZNo se presta 0010718PDaPDbPDcCTd2013-11-22iLF1l0oxxx xxxp42281-20r2020-06-25te. 2w2020-06-25yLFPDZNo se presta c41770d41770